The role of the Drosophila DA AM in the development of the Indirect Flight Muscle

Elmentve itt :
Bibliográfiai részletek
Szerző: Molnár Imre
Dokumentumtípus: Cikk
Megjelent: 2010
Sorozat:Acta biologica Szegediensis 54 No. 1
Kulcsszavak:Természettudomány, Biológia
Online Access:http://acta.bibl.u-szeged.hu/23123
LEADER 00662nab a2200181 i 4500
001 acta23123
005 20210413083521.0
008 161017s2010 hu o 0|| eng d
022 |a 1588-385X 
040 |a SZTE Egyetemi Kiadványok Repozitórium  |b hun 
041 |a eng 
100 1 |a Molnár Imre 
245 1 4 |a The role of the Drosophila DA AM in the development of the Indirect Flight Muscle  |h [elektronikus dokumentum] /  |c  Molnár Imre 
260 |c 2010 
300 |a 66-67 
490 0 |a Acta biologica Szegediensis  |v 54 No. 1 
695 |a Természettudomány, Biológia 
856 4 0 |u http://acta.bibl.u-szeged.hu/23123/1/biologica_054_numb_001_066-067.pdf  |z Dokumentum-elérés